00734nam a22002057a 450000500170000000800410001702000180005804000090007604100080008508200230009310000170011624500220013326000390015530000260019436500580022052001980027865000140047665000190049065000190050920250717165153.0220610b ||||| |||| 00| 0 eng d a9789355063403 cAloy aeng 223a330.1556bHANW aBasil Hans V aWelfare economics aBangalorebHSRA Publicationsc2022 av,109p.bPBc20x13cm. 2Economicsa1447b159.00c₹d199.00e20%f03-06-2022 aContents: Basic concepts in Welfare Economics Classical Pre Paretian Approaches to Welfare Theorems in Welfare Economics Externalities and Public Goods Social Choice and Social Welfare Schemes aEconomics aBA VI semester aBASECC 382 (A)